000 00511nam a2200181Ia 4500
003 GCL
008 140319s9999 xx 000 0 ara d
040 _aGCL /
_cGCL
082 0 4 _a810.9
_bم ا
100 1 _aمحمد فؤاد السيد
245 1 0 _aالاصمعى /
_cمحمد فؤاد السيد
260 _a[S.N] :
_bدار الثقافة للنشر والتوزيع ،
_c1980
300 _a144 ص
490 _a
650 0 4 _aالادب العربى
650 0 4 _aالاصمعى
942 _2ddc
_cBK
999 _c30906
_d30906